Pętle autobusowe MZK Wejherowo - Statystyki

Ogólne statystyki
  • Ten quiz został rozwiązany 46 razy
    38 od ostatniego zresetowania
  • Średni wynik to 10 z 25
Statystyki odpowiedzi
Miejscowość Linie Pętla % Poprawnych
Wejherowo 2, 5, 6*, 8 Wejherowo Szpital
76%
Wejherowo 2, 7*, 10*, 11, 12, 13, 14 Wejherowo Dworzec PKP
62%
Rumia 8, 18* Rumia C.H. „Port Rumia”
55%
Rumia 9 Rumia Dworzec PKP
55%
Wejherowo 1, 4, 6 Wejherowo os. Fenikowskiego
48%
Bolszewo 1, 7 Bolszewo Leśna-Szkoła
45%
Góra 1* Góra Szkolna
45%
Gościcino 3, 7* Gościcino Robakowska
45%
Reda 17, 18 Reda Dworzec PKP
45%
Kąpino 13 Kąpino Parkowa
41%
Orle 4*, 5*, 14 Orle Szkoła
41%
Reda 9 Reda Rekowo Lipowa
38%
Wejherowo 16 Wejherowo Krofeya
38%
Wejherowo 3, 16 Wejherowo os. Sikorskiego
38%
Wejherowo 10 Wejherowo Pomorska
38%
Gowino 12 Gowino Brzozowa
34%
Orle 4, 5 Orle Łąkowa
34%
Wejherowo 7 Wejherowo Cegielnia
34%
Kębłowo 10 Kębłowo Wiejska
31%
Reda 17 Reda Cmentarz
28%
Wejherowo 6 Wejherowo Karnowskiego
24%
Gniewowo 11 Gniewowo Spacerowa
21%
Reda 18 Reda Pieleszewo Karłowicza
21%
Gościcino 10* Gościcino Równa
14%
Wejherowo 13* Wejherowo Prusa-Szkoła
10%
Nie znaleziono quizów pasujących do podanych kryteriów
Rozkład punktacji
Procent ludzi z każdym wynikiem
Percentyl według liczby udzielonych odpowiedzi
Twoja historia wyników
Nie rozwiązałeś tego quizu od ostatniego zresetowania